Geography Quiz

Random Geography or Blitz Quiz
Score 0/15 Timer 00:15
15 Plays Today
% Correct
Nigeria
82.1%
Ethiopia
81%
Zambia
80.7%
Namibia
80.2%
Uganda
79.8%
Somalia
79.8%
Sudan
78.3%
Senegal
77.7%
% Correct
Madagascar
76.9%
Liberia
76.7%
Algeria
76%
Djibouti
75.3%
Lesotho
73.8%
Mali
73.6%
Togo
70.4%
Remove Ads.
Support Sporcle.
Get the best of Sporcle when you Go Orange. This ad-free experience offers more features, more stats, and more fun while also helping to support Sporcle. Thank you for becoming a member.

You're not logged in!

Compare scores with friends on all Sporcle quizzes.
OR
Log In

Show Comments

Extras

Top Quizzes Today


Score Distribution

Your Account Isn't Verified!

In order to create a playlist on Sporcle, you need to verify the email address you used during registration. Go to your Sporcle Settings to finish the process.

Report this User

Report this user for behavior that violates our Community Guidelines.

Details: